TEXTBOOK OF PRACTICAL PHYSIOLOGY (Record no. 216351)

MARC details
000 -LEADER
fixed length control field 00469nam a22001817a 4500
008 - FIXED-LENGTH DATA ELEMENTS--GENERAL INFORMATION
fixed length control field 251218b |||||||| |||| 00| 0 eng d
020 ## - INTERNATIONAL STANDARD BOOK NUMBER
International Standard Book Number 978-93-89211-64-1
100 ## - MAIN ENTRY--PERSONAL NAME
Personal name PAL, G. K.
245 ## - TITLE STATEMENT
Title TEXTBOOK OF PRACTICAL PHYSIOLOGY
250 ## - EDITION STATEMENT
Edition statement 5TH ED
260 ## - PUBLICATION, DISTRIBUTION, ETC.
Place of publication, distribution, etc. TELANGANA, INDIA
Name of publisher, distributor, etc. UNIVERSITIES PRESS
Date of publication, distribution, etc. 2024
300 ## - PHYSICAL DESCRIPTION
Extent XIV, 512P.
500 ## - GENERAL NOTE
General note INCLUDES INDEX
650 ## - SUBJECT ADDED ENTRY
Topical term or geographic name entry element PHYSIOLOGY
700 ## - ADDED ENTRY--PERSONAL NAME
Personal name PAL, PRAVATI
942 ## - ADDED ENTRY ELEMENTS (KOHA)
Source of classification or shelving scheme Library of Congress Classification
Koha item type Long Loan Book
Holdings
Withdrawn status Lost status Source of classification or shelving scheme Damaged status Not for loan Collection Home library Current library Shelving location Date acquired Inventory number Total checkouts Full call number Barcode Date last seen Copy number Price effective from Koha item type
    Library of Congress Classification     Medicine Kisii University Library Kisii University Library On Display 12/18/2025 110412   QP 36 .P35 2020 000000018197 12/18/2025 C.1 12/18/2025 Long Loan Book
    Library of Congress Classification     Medicine Kisii University Library Kisii University Library On Display 12/18/2025 110413   QP 36 .P35 2020 000000018196 12/18/2025 C.2 12/18/2025 Long Loan Book
    Library of Congress Classification     Medicine Kisii University Library Kisii University Library On Display 12/18/2025 110414   QP 36 .P35 2020 000000018195 12/18/2025 C.3 12/18/2025 Long Loan Book
    Library of Congress Classification     Medicine Kisii University Library Kisii University Library On Display 12/18/2025 110415   QP 36 .P35 2020 000000017787 12/18/2025 C.4 12/18/2025 Long Loan Book
    Library of Congress Classification     Medicine Kisii University Library Kisii University Library On Display 12/18/2025 110416   QP 36 .P35 2020 000000017788 12/18/2025 C.5 12/18/2025 Long Loan Book
    Library of Congress Classification     Medicine Kisii University Library Kisii University Library On Display 12/18/2025 110417   QP 36 .P35 2020 000000017789 12/18/2025 C.6 12/18/2025 Long Loan Book
    Library of Congress Classification     Medicine Kisii University Library Kisii University Library On Display 12/18/2025 110418   QP 36 .P35 2020 000000024673 12/18/2025 C.7 12/18/2025 Long Loan Book
    Library of Congress Classification     Medicine Kisii University Library Kisii University Library On Display 12/18/2025 110419   QP 36 .P35 2020 000000024674 12/18/2025 C.8 12/18/2025 Long Loan Book